000 01260nam a22003857a 4500
001 0043350
003 KOHA_MİRAKIL
005 20260207003345.0
007 ta
008 130816b2012 tu |||gr||||#||||0|tur |
020 _a9786051333403
040 _aTR-BiSEU
_btur
_cTR-BiSEU
_erda
041 0 _atur
044 _ctu
050 _aTK5102.92
_b.H78 2012
100 1 _aHsu, Hwei P. .
245 1 _aSinyaller ve sistemler/
_cHwei P. Hsu ; Hwei P. Hsu; çev. Veysel Silindir, Erkan Afacan, Timur Aydemir, Hasan Dağ, Halis Altun
245 1 _a .
264 1 _aAnkara :
_bNobel Yayıncılık
_c2012
300 _aX, 548 sayfa ;
_c27 cm.
336 _ametin
_btxt
_2rdacontent
337 _aaracısız
_bn
_2rdamedia
338 _acilt
_bnc
_2rdacarrier
490 1 _aYayın No ;
_v438.
490 1 _aTeknik No ;
_v31.
500 _a2. Basımdan çeviri.
500 _aDış Kapkata: 571 tam çözümlü promlem
500 _aDizin var.
500 _aKaynakça var.
650 0 _aİşaret teorisi (Telekomünikasyon)--Problemler, alıştırmalar, vb.
_91492
650 0 _aSignal theory (Telecommunication)--Problems, exercises, etc.
_91493
830 1 _aYayın No ;
_v438.
_91861
830 1 _aTeknik No ;
_v31.
_980798
942 _2lcc
_cBK
999 _c43171
_d43171